000 00291 a2200145 4500
001 167142
020 _a
040 _cMagnum
100 _aCerteau, Michel de
240 1 0 _aA cultura no plural
_lpor
245 1 0 _aA cultura no plural
362 0 _a1899
697 _aGERAL
942 _cBK
999 _c167142
_d167142